LEADER 01094nam a2200253 i 4500 001 000000203007 003 CaOOAMICUS 005 20110610000000.0 008 110610n it u000 u ita u 013 $a181719 040 $aSeMil$bita 100 1 $aSordi, Marta,$d<1925-2009>.$0(OLS)http://semarc/name/7587 245 10$aImpero Romano e Cristianesimo /$cMarta Sordi. 260 $aMilano :$bVita e Pensiero,$c[19--?] 300 $aP. [33]-53 ;$c21 cm. 500 $aEstratto dal volume "Problemi di storia della Chiesa", La Chiesa antica secc. 2.-4. - Contiene : Nota bibliografica. - Fondo Card. Giovanni Colombo. 650 4$aImpero romano <27 a.C.-395>.$0(OLS)http://semarc/subject/4365 650 4$aCristianesimo.$0(OLS)http://semarc/subject/425 850 $aSeMil 852 $aSeMil$W1$xVenegono$y1$m5D VIII 26/21$j153503$B153503$CSeMilBibl$Z2$F164436 $81 941 1 $a3 961 $aLascito: Colombo Card. Giovanni 996 $6245$aImpero Romano e Cristianesimo$9(OLS)http://semarc/title/293870 996 $6260$aMilano :$bVita e Pensiero$9(OLS)http://semarc/publisher/29642 LEADER 00733nam a2200193 4500 001 000000358711 003 CaOOAMICUS 005 20240621143011.0 008 240621s1979 it a e 000 u ita r 040 $aSeMil$bita 245 03$a7: Imitazione-Istituzioni. 264 1$aTorino :$bGiulio Einaudi,$c1979. 300 $aXII, 1119 p., [32] carte di tav. :$bill. ;$c22 cm 773 0 $tEnciclopedia.$dTorino : Giulio Einaudi, 1977-1984.$g7$w()358703 850 $aSeMil 852 $aSeMil$W1$xVenegono$y1$mSL1.L II 7$j268453$B249876$CSeMilBibl$Z2$F249876 $8I 996 $6245$a7: Imitazione-Istituzioni$9(OLS)http://semarc/title/449112 996 $6264$aTorino :$bGiulio Einaudi$9(OLS)http://semarc/publisher/29810